The Handbook of Artifical Intelligence (Vol.1) (Record no. 23824)

000 -LEADER
fixed length control field 00351nam a22001217a 4500
008 - FIXED-LENGTH DATA ELEMENTS--GENERAL INFORMATION
fixed length control field 140218b xxu||||| |||| 00| 0 eng d
010 ## - LIBRARY OF CONGRESS CONTROL NUMBER
LC control number 80-28621
020 ## - INTERNATIONAL STANDARD BOOK NUMBER
International Standard Book Number 0-86576-005(Vol.1)
082 ## - DEWEY DECIMAL CLASSIFICATION NUMBER
Classification number 001.53BAR
Author Mark 001100
100 ## - MAIN ENTRY--PERSONAL NAME
Miscellaneous information H.B,409 p
245 ## - TITLE STATEMENT
Title The Handbook of Artifical Intelligence (Vol.1)
Statement of responsibility, etc. Barr Avron
260 ## - PUBLICATION, DISTRIBUTION, ETC.
Place of publication, distribution, etc. California
Name of publisher, distributor, etc. William Kaufmann
Date of publication, distribution, etc. 1981
Holdings
Withdrawn status Lost status Source of classification or shelving scheme Damaged status Not for loan Permanent Location Current Location Shelving location Date acquired Full call number Barcode Date last seen Price effective from Koha item type Total Checkouts
          NUST Baluchistan Campus (NBC) NUST Baluchistan Campus (NBC) General Stacks 02/18/2014 001.53BAR RCMS001100 02/18/2014 02/18/2014 Book  
          School of Interdisciplinary Engineering and Sciences (SINES) School of Interdisciplinary Engineering and Sciences (SINES)   02/18/2014 001.53BAR RCMS 001130 02/18/2014 02/18/2014 Book  
© 2023 Central Library, National University of Sciences and Technology. All Rights Reserved.